[Event "HUN-chT2 Toth 1718"]
[Site "Hungary"]
[Date "2018.02.18"]
[Round "8.11"]
[White "Fodor, Istvan2222"]
[Black "Kerekes, Zsolt"]
[Result "1/2-1/2"]
[WhiteElo "1853"]
[BlackElo "1927"]
[PlyCount "21"]
[EventDate "2017.09.24"]
[EventType "team-tourn"]
[EventRounds "11"]
[EventCountry "HUN"]
[SourceTitle "EXT 2021"]
[Source "ChessBase"]
[SourceDate "2020.10.23"]
[SourceVersion "1"]
[SourceVersionDate "2020.10.23"]
[SourceQuality "1"]
[WhiteTeam "Karcag"]
[BlackTeam "Oroshaza"]
[WhiteTeamCountry "HUN"]
[BlackTeamCountry "HUN"]

1. d4 d5 2. c4 c6 3. Nc3 Nf6 4. Nf3 e6 5. e3 Bd6 6. Bd3 b6 7. 0-0 0-0 8. a3 Bb7 9. cxd5 cxd5 10. Nb5 Be7 11. Ne5 1/2-1/2

[Event "HUN-chT2 Toth 1516"]
[Site "Hungary"]
[Date "2016.02.14"]
[Round "7.9"]
[White "Beretka, Csaba"]
[Black "Kerekes, Zsolt"]
[Result "0-1"]
[WhiteElo "1749"]
[BlackElo "1957"]
[PlyCount "46"]
[EventDate "2015.09.13"]
[EventType "team-tourn"]
[EventRounds "11"]
[EventCountry "HUN"]
[SourceTitle "EXT 2017"]
[Source "ChessBase"]
[SourceDate "2016.10.25"]
[SourceVersion "1"]
[SourceVersionDate "2016.10.25"]
[SourceQuality "1"]
[WhiteTeam "Roszke"]
[BlackTeam "Oroshaza"]
[WhiteTeamCountry "HUN"]
[BlackTeamCountry "HUN"]

1. e4 c6 2. d4 d5 3. Nc3 dxe4 4. Nxe4 Bf5 5. Ng3 Bg6 6. Nf3 e6 7. Bd3 Bxd3 8. Qxd3 Nf6 9. 0-0 Be7 10. Rd1 0-0 11. c4 Nbd7 12. Bf4 Rc8 13. a3 c5 14. d5 exd5 15. cxd5 Re8 16. d6 Bf8 17. Ng5 c4 18. Qc2 Rc6 19. Qd2 h6 20. Nf3 Nc5 21. Nd4 Rb6 22. Qa5 Nd3 23. b4 Nxf4 0-1

[Event "HUN-chT2 Toth 1415"]
[Site "Hungary"]
[Date "2015.04.26"]
[Round "11.8"]
[White "Varadi, Laszlo"]
[Black "Kerekes, Zsolt"]
[Result "1-0"]
[WhiteElo "2083"]
[BlackElo "2014"]
[PlyCount "47"]
[EventDate "2014.09.07"]
[EventType "team-tourn"]
[EventRounds "11"]
[EventCountry "HUN"]
[SourceTitle "EXT 2016"]
[Source "ChessBase"]
[SourceDate "2015.10.08"]
[SourceVersion "1"]
[SourceVersionDate "2015.10.08"]
[SourceQuality "1"]
[WhiteTeam "Ujszasz"]
[BlackTeam "Oroshaza"]
[WhiteTeamCountry "HUN"]
[BlackTeamCountry "HUN"]

1. e4 c6 2. d4 d5 3. exd5 cxd5 4. Bd3 Nc6 5. c3 Nf6 6. Bf4 e6 7. Nf3 Bd6 8. Bg3 Qc7 9. Nbd2 a6 10. 0-0 0-0 11. Re1 Bxg3 12. hxg3 b5 13. Ne5 Bb7 14. Ndf3 Rac8 15. g4 g6 16. Qd2 Kg7 17. g5 Nd7 18. Nxd7 Qxd7 19. Qf4 Qe7 20. Re3 Rh8 21. Rae1 h6 22. g3 hxg5 23. Nxg5 Rh6 24. Rxe6 1-0

[Event "HUN-chT2 Toth 1415"]
[Site "Hungary"]
[Date "2014.12.14"]
[Round "6.7"]
[White "Kerekes, Zsolt"]
[Black "Hajdu, Sandor"]
[Result "1/2-1/2"]
[WhiteElo "2014"]
[BlackElo "1979"]
[PlyCount "115"]
[EventDate "2014.09.07"]
[EventType "team-tourn"]
[EventRounds "11"]
[EventCountry "HUN"]
[SourceTitle "EXT 2016"]
[Source "ChessBase"]
[SourceDate "2015.10.08"]
[SourceVersion "1"]
[SourceVersionDate "2015.10.08"]
[SourceQuality "1"]
[WhiteTeam "Oroshaza"]
[BlackTeam "Szentes"]
[WhiteTeamCountry "HUN"]
[BlackTeamCountry "HUN"]

1. e4 Nf6 2. Nc3 d5 3. exd5 Nxd5 4. d4 c6 5. Nf3 Bg4 6. Be2 e6 7. 0-0 Nd7 8. Ne4 N7f6 9. Nxf6+ Nxf6 10. Bf4 Bxf3 11. Bxf3 Bd6 12. Be5 Bxe5 13. dxe5 Qxd1 14. Raxd1 Nd7 15. Rfe1 0-0-0 16. b3 Nc5 17. Kf1 Rxd1 18. Rxd1 Nd7 19. Re1 Rd8 20. g3 Kc7 21. Bg4 Nc5 22. Re3 Rd2 23. Re2 Rd4 24. Bf3 b5 25. Ke1 b4 26. Bg2 Kb6 27. Rd2 Rxd2 28. Kxd2 Nd7 29. f4 f6 30. exf6 gxf6 31. Bh3 Nc5 32. Ke3 Kc7 33. Kd4 Kd6 34. Bg2 a5 35. Bf3 e5+ 36. fxe5+ fxe5+ 37. Ke3 Ne6 38. Be4 h6 39. h4 Nd4 40. g4 Ne6 41. Bf5 Nd4 42. Bd3 Ke6 43. g5 hxg5 44. hxg5 Nf5+ 45. Kf3 Nd6 46. Be4 c5 47. Bh7 Kf7 48. Kg4 c4 49. bxc4 Nxc4 50. Be4 Nd2 51. Kf5 Nb1 52. Kxe5 Nc3 53. Kd4 Kg7 54. Bf5 Nxa2 55. Kc4 a4 56. Be6 b3 57. cxb3 axb3 58. Kxb3 1/2-1/2

[Event "HUN-chT2 Toth 1415"]
[Site "Hungary"]
[Date "2014.10.12"]
[Round "3.6"]
[White "Kerekes, Zsolt"]
[Black "Csikos, Mihaly"]
[Result "1/2-1/2"]
[WhiteElo "2014"]
[BlackElo "2052"]
[PlyCount "108"]
[EventDate "2014.09.07"]
[EventType "team-tourn"]
[EventRounds "11"]
[EventCountry "HUN"]
[SourceTitle "EXT 2016"]
[Source "ChessBase"]
[SourceDate "2015.10.08"]
[SourceVersion "1"]
[SourceVersionDate "2015.10.08"]
[SourceQuality "1"]
[WhiteTeam "Oroshaza"]
[BlackTeam "Mako II"]
[WhiteTeamCountry "HUN"]
[BlackTeamCountry "HUN"]

1. e4 e5 2. Nf3 Nf6 3. Nxe5 d6 4. Nf3 Nxe4 5. d4 d5 6. Bd3 Be7 7. 0-0 Bg4 8. Bf4 0-0 9. Nbd2 Nxd2 10. Bxd2 Nd7 11. h3 Bh5 12. Re1 Nf6 13. a3 Re8 14. Re3 Bd6 15. Qe2 Qd7 16. Re1 Rxe3 17. Qxe3 c6 18. Ne5 Qc7 19. f4 Re8 20. Qf2 Ne4 21. Bxe4 dxe4 22. g4 Bg6 23. f5 f6 24. fxg6 fxe5 25. gxh7+ Kh8 26. Rxe4 Rf8 27. Qe2 exd4 28. Re8 Qf7 29. Rxf8+ Qxf8 30. Qe4 Bc5 31. Qd3 Qf7 32. Kg2 Bb6 33. Qf3 Qe7 34. Bb4 c5 35. Bd2 Kxh7 36. Qf5+ g6 37. Qf3 a5 38. a4 c4 39. b3 cxb3 40. cxb3 Qd7 41. Qe4 Bd8 42. g5 b6 43. Qh4+ Kg8 44. Qe4 Kg7 45. Qe5+ Kh7 46. Qe4 Be7 47. h4 Kg7 48. Qe5+ Kg8 49. Qe4 Kf7 50. Qf4+ Kg7 51. Qe5+ Kf7 52. Qf4+ Ke8 53. Qe4 Kf7 54. Qf4+ Kg8 1/2-1/2

[Event "HUN-chT2 Maroczy 1213"]
[Site "Hungary"]
[Date "2013.03.03"]
[Round "8"]
[White "Kerekes, Zsolt"]
[Black "Egri, Laszlo"]
[Result "1/2-1/2"]
[WhiteElo "2020"]
[BlackElo "2128"]
[PlyCount "36"]
[EventDate "2012.09.16"]
[EventType "team-tourn"]
[EventRounds "11"]
[EventCountry "HUN"]
[SourceTitle "EXT 2014"]
[Source "ChessBase"]
[SourceDate "2013.11.20"]
[SourceVersion "1"]
[SourceVersionDate "2013.11.20"]
[SourceQuality "1"]
[WhiteTeam "Oroshaza"]
[BlackTeam "Kisujszallas"]
[WhiteTeamCountry "HUN"]
[BlackTeamCountry "HUN"]

1. e4 e5 2. Nf3 Nc6 3. d4 exd4 4. Bc4 Nf6 5. 0-0 Nxe4 6. Re1 d5 7. Bxd5 Qxd5 8. Nc3 Qa5 9. Nxe4 Be6 10. Neg5 0-0-0 11. Nxe6 fxe6 12. Rxe6 Bd6 13. Bg5 Rde8 14. Qe2 Kd7 15. Rxe8 Rxe8 16. Qd3 h6 17. Bd2 Qh5 18. h3 Kc8 1/2-1/2

[Event "HUN-chT2 Maroczy 1011"]
[Site "Hungary"]
[Date "2010.09.26"]
[Round "2"]
[White "Mullner, Imre"]
[Black "Kerekes, Zsolt"]
[Result "1-0"]
[WhiteElo "2213"]
[BlackElo "2024"]
[PlyCount "29"]
[EventDate "2010.09.12"]
[EventType "team-tourn"]
[EventRounds "11"]
[EventCountry "HUN"]
[SourceTitle "EXT 2012"]
[Source "ChessBase"]
[SourceDate "2011.11.24"]
[SourceVersion "1"]
[SourceVersionDate "2011.11.24"]
[SourceQuality "1"]
[WhiteTeam "MLTC II"]
[BlackTeam "Oroshaza"]
[WhiteTeamCountry "HUN"]
[BlackTeamCountry "HUN"]

1. e4 c6 2. d4 d5 3. e5 Bf5 4. Nf3 e6 5. Be2 c5 6. c3 Nc6 7. 0-0 cxd4 8. cxd4 Bxb1 9. Rxb1 Qb6 10. b4 g6 11. Be3 Nge7 12. b5 Na5 13. Qa4 Nc4 14. Bxc4 dxc4 15. d5 1-0

[Event "HUN-chT2 Maroczy 0910"]
[Site "Hungary"]
[Date "2009.12.20"]
[Round "4"]
[White "Beres, Bence"]
[Black "Kerekes, Zsolt"]
[Result "0-1"]
[WhiteElo "1960"]
[BlackElo "2066"]
[PlyCount "100"]
[EventDate "2009.11.08"]
[EventType "team-tourn"]
[EventRounds "11"]
[EventCountry "HUN"]
[SourceTitle "EXT 2011"]
[Source "ChessBase"]
[SourceDate "2010.11.26"]
[SourceVersion "1"]
[SourceVersionDate "2010.11.26"]
[SourceQuality "1"]
[WhiteTeam "Vasas"]
[BlackTeam "Oroshaza"]
[WhiteTeamCountry "HUN"]
[BlackTeamCountry "HUN"]

1. d4 Nf6 2. c4 g6 3. Nc3 d5 4. cxd5 Nxd5 5. e4 Nxc3 6. bxc3 Bg7 7. Nf3 0-0 8. Be2 c5 9. 0-0 cxd4 10. cxd4 e6 11. Rb1 b6 12. Bb2 Bb7 13. Bd3 Nc6 14. Bc4 Na5 15. Bd3 Rc8 16. Re1 Qd7 17. Qe2 Rc7 18. Rbc1 Rfc8 19. Rxc7 Rxc7 20. Rd1 Qc8 21. Nd2 Qd8 22. Nf3 Qd6 23. Rd2 Qb4 24. Rc2 Qd6 25. Rxc7 Qxc7 26. Qc2 Qxc2 27. Bxc2 Nc4 28. Bc3 Nd6 29. e5 Nb5 30. Bb2 Bf8 31. Bd3 Nc7 32. Nd2 Bd5 33. Bc4 Bb4 34. Bxd5 Nxd5 35. Nb3 a5 36. Kf1 Kf8 37. g3 Ke8 38. Nc1 Bc3 39. Bxc3 Nxc3 40. Ke1 Kd7 41. Kd2 Nd5 42. Kd3 Kc6 43. a4 b5 44. axb5+ Kxb5 45. f4 a4 46. Kc2 Kc4 47. Ne2 a3 48. Ng1 Nb4+ 49. Kb1 Kb3 50. Ka1 a2 0-1

[Event "HUN-chT2 Maroczy 0910"]
[Site "Hungary"]
[Date "2009.12.06"]
[Round "3"]
[White "Nagy, Zoltan2222"]
[Black "Kerekes, Zsolt"]
[Result "1/2-1/2"]
[WhiteElo "2007"]
[BlackElo "2066"]
[PlyCount "66"]
[EventDate "2009.11.08"]
[EventType "team-tourn"]
[EventRounds "11"]
[EventCountry "HUN"]
[SourceTitle "EXT 2011"]
[Source "ChessBase"]
[SourceDate "2010.11.26"]
[SourceVersion "1"]
[SourceVersionDate "2010.11.26"]
[SourceQuality "1"]
[WhiteTeam "Maroczy"]
[BlackTeam "Oroshaza"]
[WhiteTeamCountry "HUN"]
[BlackTeamCountry "HUN"]

1. e4 c6 2. d4 d5 3. exd5 cxd5 4. c4 Nf6 5. Nc3 Nc6 6. Nf3 e6 7. Bd3 Be7 8. 0-0 0-0 9. Re1 b6 10. Bg5 Bb7 11. Rc1 Nb4 12. cxd5 Nxd3 13. Qxd3 Nxd5 14. Bxe7 Qxe7 15. Nxd5 Bxd5 16. a3 Rac8 17. Rc3 Rc7 18. Rec1 Rfc8 19. Qa6 Rxc3 20. Qxc8+ Rxc8 21. Rxc8+ Qf8 22. Rxf8+ Kxf8 23. Nd2 Ke7 24. f3 f5 25. Kf2 g5 26. g3 Kf6 27. f4 g4 28. Ke3 Ke7 29. Kd3 b5 30. Kc3 a5 31. Nf1 Kd6 32. b4 a4 33. Ne3 Be4 1/2-1/2

[Event "HUN-chT2 Toth 0203"]
[Site "Hungary"]
[Date "2003.03.23"]
[Round "9"]
[White "Kerekes, Zsolt"]
[Black "Kovacs, Adrian"]
[Result "0-1"]
[WhiteElo "2134"]
[BlackElo "2181"]
[PlyCount "64"]
[EventDate "2002.09.22"]
[EventType "team"]
[EventRounds "11"]
[EventCountry "HUN"]
[SourceTitle "EXT 2009"]
[Source "ChessBase"]
[SourceDate "2008.11.26"]
[SourceVersion "1"]
[SourceVersionDate "2008.11.26"]
[SourceQuality "1"]

1. e4 c5 2. Nf3 e6 3. d4 cxd4 4. Nxd4 a6 5. Nc3 Qc7 6. a3 Nf6 7. Be2 b5 8. 0-0 Bb7 9. Bf3 d6 10. Be3 Nbd7 11. Nde2 Ne5 12. Bf4 Nxf3+ 13. gxf3 g5 14. Bg3 g4 15. fxg4 Nxg4 16. h3 Ne5 17. Bxe5 dxe5 18. b4 Bh6 19. Qd3 f5 20. Rad1 Ke7 21. Kh2 Rad8 22. Qg3 Rdg8 23. Qd3 Qc6 24. Ng3 Bf4 25. Nce2 fxe4 26. Qc3 Qxc3 27. Nxc3 e3 28. Nce2 Bf3 29. fxe3 Bxe2 30. exf4 Bxd1 31. Rxd1 exf4 32. Ne4 Rg6 0-1

[Event "Gyongyos Matra Cup"]
[Site "Gyongyos"]
[Date "2002.03.29"]
[Round "3"]
[White "Eberth, Zoltan"]
[Black "Kerekes, Zsolt"]
[Result "1-0"]
[WhiteElo "2258"]
[BlackElo "2142"]
[PlyCount "102"]
[EventDate "2002.03.28"]
[EventType "swiss"]
[EventRounds "7"]
[EventCountry "HUN"]
[SourceTitle "EXT 2004"]
[Source "ChessBase"]
[SourceDate "2003.11.25"]
[SourceVersion "1"]
[SourceVersionDate "2003.11.25"]
[SourceQuality "1"]

1. e4 e5 2. d4 exd4 3. Qxd4 Nc6 4. Qe3 Bb4+ 5. c3 Ba5 6. Qg3 Qf6 7. Bc4 d6 8. Nf3 Qg6 9. Qxg6 hxg6 10. b4 Bb6 11. a4 a6 12. a5 Ba7 13. 0-0 Ne5 14. Nxe5 dxe5 15. Bg5 f6 16. Bc1 Nh6 17. Na3 c6 18. Bb3 Ke7 19. Nc4 Be6 20. Ba3 Bxc4 21. Bxc4 Bb8 22. b5+ Bd6 23. bxa6 bxa6 24. Rfb1 Ra7 25. Rb6 Bxa3 26. Rxa3 Kd7 27. Rab3 Rc8 28. Bxa6 Rcc7 29. c4 Nf7 30. Rg3 Ng5 31. c5 Nxe4 32. Rxg6 Nxc5 33. Rxg7+ Kd6 34. Rxc7 Kxc7 35. Bf1 Rxa5 36. Rb2 Kd6 37. Rd2+ Ke6 38. Bc4+ Kf5 39. f3 Ra1+ 40. Kf2 Rc1 41. Bg8 Na4 42. Rd6 Kg6 43. g4 Kg7 44. Rd8 c5 45. Bb3 Nb2 46. Rd2 Nc4 47. Rc2 Rxc2+ 48. Bxc2 Nd6 49. Ke3 Kh6 50. h4 Kg7 51. Kd2 Nb5 1-0

[Event "Gyongyos Matra Cup"]
[Site "Gyongyos"]
[Date "2002.03.28"]
[Round "1"]
[White "Kiss, Balazs"]
[Black "Kerekes, Zsolt"]
[Result "0-1"]
[WhiteElo "2042"]
[BlackElo "2142"]
[PlyCount "100"]
[EventDate "2002.03.28"]
[EventType "swiss"]
[EventRounds "7"]
[EventCountry "HUN"]
[SourceTitle "EXT 2004"]
[Source "ChessBase"]
[SourceDate "2003.11.25"]
[SourceVersion "1"]
[SourceVersionDate "2003.11.25"]
[SourceQuality "1"]

1. e4 e5 2. Nf3 Nf6 3. Nc3 Bb4 4. a3 Bxc3 5. bxc3 0-0 6. d4 exd4 7. e5 Re8 8. cxd4 d6 9. Bc4 Bg4 10. 0-0 dxe5 11. h3 Bxf3 12. Qxf3 Qxd4 13. Be3 Qxc4 14. Qxb7 Qc6 15. Qxc6 Nxc6 16. Rab1 Rab8 17. Rb3 Nd5 18. Rfb1 Nxe3 19. fxe3 Rxb3 20. Rxb3 Rb8 21. Rc3 Rb6 22. Kf1 Kf8 23. Ke2 Ke7 24. Kf3 Ke6 25. g4 g6 26. e4 Nd4+ 27. Ke3 Rc6 28. Rxc6+ Nxc6 29. Kd3 f5 30. exf5+ gxf5 31. g5 e4+ 32. Ke3 Ke5 33. h4 f4+ 34. Kf2 Kf5 35. c3 Ne5 36. Kg2 Kg4 37. Kf2 e3+ 38. Ke2 Kg3 39. Ke1 f3 40. Kf1 e2+ 41. Ke1 Nd3+ 42. Kd2 e1Q+ 43. Kxd3 f2 44. Kd4 f1R 45. c4 Rf4+ 46. Kc5 Qa5+ 47. Kc6 Qb6+ 48. Kd5 Rd4+ 49. Ke5 Qd6+ 50. Kf5 Rf4# 0-1

[Event "Erkel Memorial op"]
[Site "Gyula"]
[Date "2001.11.07"]
[Round "9"]
[White "Horvath, Zsolt"]
[Black "Kerekes, Zsolt"]
[Result "1-0"]
[WhiteElo "2144"]
[BlackElo "2201"]
[PlyCount "55"]
[EventDate "2001.10.30"]
[EventType "swiss"]
[EventRounds "9"]
[EventCountry "HUN"]
[SourceTitle "EXT 2008"]
[Source "ChessBase"]
[SourceDate "2007.11.25"]
[SourceVersion "1"]
[SourceVersionDate "2007.11.25"]
[SourceQuality "1"]

1. d4 Nf6 2. Bg5 Ne4 3. Bf4 c5 4. f3 Nf6 5. dxc5 Qa5+ 6. Qd2 Qxc5 7. Nc3 e6 8. e4 a6 9. Be3 Qa5 10. Bc4 b5 11. Bb3 Nc6 12. Qf2 Qc7 13. g4 Bd6 14. Nge2 h5 15. g5 Ng8 16. 0-0-0 Nge7 17. f4 g6 18. e5 Bb4 19. Bb6 Qb8 20. Ne4 Ng8 21. Bc5 Bxc5 22. Qxc5 Rh7 23. Nd6+ Kd8 24. Nxf7+ Rxf7 25. Qxc6 Bb7 26. Qxe6 Rg7 27. Rhf1 Qa7 28. Qd6 1-0

[Event "Erkel Memorial op"]
[Site "Gyula"]
[Date "2001.11.05"]
[Round "7"]
[White "Gorda, Ferenc"]
[Black "Kerekes, Zsolt"]
[Result "1/2-1/2"]
[WhiteElo "2100"]
[BlackElo "2201"]
[PlyCount "164"]
[EventDate "2001.10.30"]
[EventType "swiss"]
[EventRounds "9"]
[EventCountry "HUN"]
[SourceTitle "EXT 2008"]
[Source "ChessBase"]
[SourceDate "2007.11.25"]
[SourceVersion "1"]
[SourceVersionDate "2007.11.25"]
[SourceQuality "1"]

1. d4 Nf6 2. Nf3 g6 3. e3 Bg7 4. Bd3 d5 5. c3 0-0 6. Nbd2 Bg4 7. h3 Bxf3 8. Qxf3 Nbd7 9. e4 dxe4 10. Nxe4 Nxe4 11. Bxe4 c6 12. 0-0 Nf6 13. Bc2 Qb6 14. b3 Nd5 15. Bb2 Rad8 16. Rad1 e5 17. dxe5 Bxe5 18. Rfe1 Bg7 19. Be4 Nf6 20. Bd3 Nd7 21. Bb1 Nc5 22. Bc1 Rxd1 23. Rxd1 Ne6 24. Be3 Qc7 25. Bc1 Rd8 26. Re1 Qa5 27. b4 Qc7 28. h4 Rd5 29. g3 Qd8 30. Bc2 a6 31. Be4 Rd6 32. a4 Qf6 33. Qxf6 Bxf6 34. Bb2 Rd2 35. Ba1 Nc7 36. Kg2 Ra2 37. b5 axb5 38. axb5 Nxb5 39. c4 Nc3 40. Bxc3 Bxc3 41. Rb1 Ra7 42. Rd1 Ra8 43. Rd7 Rb8 44. f4 Kf8 45. g4 Ke8 46. Rd3 Bb4 47. f5 Ke7 48. fxg6 fxg6 49. h5 gxh5 50. gxh5 h6 51. Rg3 Bd2 52. Rb3 Bc1 53. Kh3 Kd6 54. Bg6 Kc5 55. Bf7 b6 56. Rc3 Bg5 57. Kg4 Rd8 58. Kf5 Rd4 59. Kg6 Rf4 60. Rc2 Rf6+ 61. Kg7 Rd6 62. Rf2 Kd4 63. Rf1 Kc5 64. Rf3 b5 65. cxb5 cxb5 66. Rf5+ Kb4 67. Be8 Rb6 68. Rxb5+ Rxb5 69. Bxb5 Kxb5 70. Kg6 Kc4 71. Kf5 Kd4 72. Kg4 Ke4 73. Kg3 Kf5 74. Kg2 Kg4 75. Kh1 Kxh5 76. Kg2 Kg4 77. Kh1 Kg3 78. Kg1 h5 79. Kh1 h4 80. Kg1 Bf4 81. Kh1 Kf3 82. Kg1 h3 1/2-1/2

[Event "Erkel Memorial op"]
[Site "Gyula"]
[Date "2001.10.30"]
[Round "1"]
[White "Csizmadia, Lajos"]
[Black "Kerekes, Zsolt"]
[Result "1-0"]
[WhiteElo "2031"]
[BlackElo "2201"]
[PlyCount "81"]
[EventDate "2001.10.30"]
[EventType "swiss"]
[EventRounds "9"]
[EventCountry "HUN"]
[SourceTitle "EXT 2008"]
[Source "ChessBase"]
[SourceDate "2007.11.25"]
[SourceVersion "1"]
[SourceVersionDate "2007.11.25"]
[SourceQuality "1"]

1. e4 c6 2. d4 d5 3. exd5 cxd5 4. c4 Nf6 5. Nc3 e6 6. c5 Be7 7. Nf3 0-0 8. Bd3 b6 9. b4 a5 10. Na4 bxc5 11. bxc5 Ba6 12. 0-0 Bxd3 13. Qxd3 Nc6 14. a3 Qc7 15. g3 Nh5 16. Qe2 Nf6 17. Bf4 Qd8 18. Rab1 Qe8 19. Nc3 Nh5 20. Be3 Rb8 21. g4 Nf6 22. h3 Rxb1 23. Rxb1 Qa8 24. Bf4 Nd7 25. Qb5 Bf6 26. Bd6 Rc8 27. Ne2 Bd8 28. Qb7 Qxb7 29. Rxb7 Nf8 30. Ne5 Nxe5 31. dxe5 g5 32. c6 Rxc6 33. Rb8 Bc7 34. Rxf8+ Kg7 35. Rc8 Rxd6 36. exd6 Bxd6 37. a4 Bb4 38. Nd4 Kf6 39. Kf1 e5 40. Rc6+ Ke7 41. Nc2 1-0